[Event "San Cristobal Bolivar op 1st"]
[Site "San Cristobal"]
[Date "2012.09.27"]
[Round "5"]
[White "Fernandez Rivero, Karla July"]
[Black "Sequera Paolini, Jose Rafael"]
[Result "0-1"]
[WhiteElo "2017"]
[BlackElo "2420"]
[PlyCount "64"]
[EventDate "2012.09.25"]
[EventType "swiss"]
[EventRounds "10"]
[EventCountry "VEN"]
[SourceTitle "EXT 2013"]
[Source "ChessBase"]
[SourceDate "2012.11.22"]
[SourceVersion "1"]
[SourceVersionDate "2012.11.22"]
[SourceQuality "1"]

1. d4 f5 2. c4 Nf6 3. Nf3 g6 4. g3 Bg7 5. Bg2 0-0 6. 0-0 d6 7. Nc3 Nc6 8. d5 Ne5 9. Nxe5 dxe5 10. e4 f4 11. gxf4 exf4 12. Bxf4 Nxe4 13. Nxe4 Rxf4 14. Qd2 Qf8 15. Rae1 Bh6 16. Qb4 Rf7 17. Ng3 a5 18. Qc3 Ra6 19. Ne4 Bf4 20. Ng3 Qh6 21. Qa3 Qh4 22. Qa4 Kf8 23. Qb3 g5 24. Qc3 Kg8 25. d6 Rxd6 26. Rd1 Rh6 27. Rd8+ Rf8 28. Rxf8+ Kxf8 29. Qh8+ Kf7 30. h3 Bxh3 31. Bd5+ e6 32. Re1 Bxg3 0-1

[Event "San Cristobal Bolivar op 1st"]
[Site "San Cristobal"]
[Date "2012.09.27"]
[Round "4"]
[White "Sequera Paolini, Jose Rafael"]
[Black "Palomo, Franklin Annervys"]
[Result "1-0"]
[WhiteElo "2420"]
[BlackElo "2195"]
[PlyCount "121"]
[EventDate "2012.09.25"]
[EventType "swiss"]
[EventRounds "10"]
[EventCountry "VEN"]
[SourceTitle "EXT 2013"]
[Source "ChessBase"]
[SourceDate "2012.11.22"]
[SourceVersion "1"]
[SourceVersionDate "2012.11.22"]
[SourceQuality "1"]

1. f4 Nf6 2. Nf3 g6 3. d3 d5 4. g3 Bg7 5. Bg2 0-0 6. 0-0 c5 7. Nc3 d4 8. Ne4 Nbd7 9. Bd2 a5 10. a4 Nxe4 11. dxe4 e5 12. e3 Re8 13. exd4 cxd4 14. f5 Nc5 15. Ng5 f6 16. Nh3 g5 17. Qh5 Rf8 18. Nf2 Qe8 19. Qf3 b6 20. h4 h6 21. Bh3 Ba6 22. Rfb1 Bc4 23. b3 Bf7 24. Bf1 Qc6 25. Bb5 Qc7 26. Kg2 Rfd8 27. hxg5 hxg5 28. Rh1 d3 29. cxd3 Nxb3 30. Rad1 Nxd2 31. Rxd2 Qc3 32. Rdd1 Rac8 33. Qe3 Qc5 34. Qxc5 Rxc5 35. Ng4 Rc2+ 36. Kf3 Kf8 37. Ne3 Rc3 38. Rc1 Rdc8 39. Rxc3 Rxc3 40. Ke2 Kg8 41. Kd2 Rc5 42. Rb1 Bf8 43. Bc4 Rc6 44. Bd5 Bxd5 45. exd5 Rd6 46. Rb5 Rd7 47. Rxb6 Bc5 48. Rb5 Rc7 49. Nc4 Bb4+ 50. Ke2 e4 51. d6 exd3+ 52. Kxd3 Rd7 53. Rb6 g4 54. Ke4 Kf7 55. Kd5 Be1 56. Kc6 Rd8 57. Rb7+ Kf8 58. Rh7 Rc8+ 59. Kd5 Kg8 60. Rh4 Kg7 61. d7 1-0

[Event "Sitges op 38th"]
[Site "Sitges"]
[Date "2012.07.21"]
[Round "2"]
[White "Gardner, Lee"]
[Black "Sequera Paolini, Jose Rafael"]
[Result "1/2-1/2"]
[WhiteElo "2176"]
[BlackElo "2407"]
[PlyCount "77"]
[EventDate "2012.07.20"]
[EventType "swiss"]
[EventRounds "9"]
[EventCountry "ESP"]
[SourceTitle "CBM 149 Extra"]
[Source "ChessBase"]
[SourceDate "2012.08.24"]
[SourceVersion "1"]
[SourceVersionDate "2012.08.24"]
[SourceQuality "1"]

1. c4 e6 2. g3 f5 3. Bg2 Nf6 4. Nf3 Be7 5. 0-0 0-0 6. Nc3 Qe8 7. d3 Qh5 8. e4 fxe4 9. dxe4 Nc6 10. h3 d6 11. Be3 e5 12. Nh4 Qxd1 13. Raxd1 Ne8 14. Nf3 Bxh3 15. Bxh3 Rxf3 16. Be6+ Kh8 17. Nd5 Rf8 18. Nxe7 Nxe7 19. c5 Rd8 20. cxd6 Rxd6 21. Rxd6 Nxd6 22. Rc1 Rf6 23. Bd7 c6 24. Bxa7 Nxe4 25. Re1 Ng5 26. Kg2 e4 27. Be3 Nf3 28. Re2 Ng6 29. Bc1 Nge5 30. Bc8 Rd6 31. Bf4 Rd4 32. Bf5 Rd1 33. Bxe5 Rg1+ 34. Kh3 Rh1+ 35. Kg2 Rg1+ 36. Kh3 Rh1+ 37. Kg2 Rh2+ 38. Kf1 Rh1+ 39. Kg2 1/2-1/2

[Event "Barbera del Valles op 35th"]
[Site "Barbera del Valles"]
[Date "2012.07.10"]
[Round "7"]
[White "Cornette, Matthieu"]
[Black "Sequera Paolini, Jose Rafael"]
[Result "1/2-1/2"]
[WhiteElo "2567"]
[BlackElo "2407"]
[PlyCount "87"]
[EventDate "2012.07.04"]
[EventType "swiss"]
[EventRounds "9"]
[EventCountry "ESP"]
[SourceTitle "CBM 149 Extra"]
[Source "ChessBase"]
[SourceDate "2012.08.24"]
[SourceVersion "1"]
[SourceVersionDate "2012.08.24"]
[SourceQuality "1"]

1. e4 e6 2. d4 d5 3. Nc3 Bb4 4. e5 b6 5. a3 Bf8 6. Nf3 Qd7 7. b4 c6 8. Rb1 Ne7 9. a4 Qc7 10. Bd3 h6 11. Ne2 Nd7 12. 0-0 c5 13. bxc5 bxc5 14. c4 Ba6 15. Nc3 dxc4 16. Be4 Rd8 17. Qe2 Nb6 18. dxc5 Nbd5 19. Bd2 Nxc3 20. Bxc3 Nd5 21. Rfc1 Nxc3 22. Rxc3 Bxc5 23. Bc2 Qc6 24. Be4 Qxa4 25. Nd2 Bd4 26. Qf3 0-0 27. Ra3 Bxf2+ 28. Kh1 Qd7 29. Qxf2 Qxd2 30. Qxd2 Rxd2 31. Rxa6 Re2 32. Bf3 Rxe5 33. Rc6 g5 34. Rxc4 Kg7 35. h3 Kg6 36. Rb7 a5 37. Ra7 h5 38. Be4+ f5 39. Bc2 Rf7 40. Ra6 Rb7 41. Rcc6 Kf6 42. Bd3 g4 43. Bc4 gxh3 44. Rxe6+ 1/2-1/2

[Event "Barbera del Valles op 35th"]
[Site "Barbera del Valles"]
[Date "2012.07.07"]
[Round "4"]
[White "Ortiz Suarez, Isan Reynaldo"]
[Black "Sequera Paolini, Jose Rafael"]
[Result "1-0"]
[WhiteElo "2562"]
[BlackElo "2407"]
[PlyCount "95"]
[EventDate "2012.07.04"]
[EventType "swiss"]
[EventRounds "9"]
[EventCountry "ESP"]
[SourceTitle "CBM 149 Extra"]
[Source "ChessBase"]
[SourceDate "2012.08.24"]
[SourceVersion "1"]
[SourceVersionDate "2012.08.24"]
[SourceQuality "1"]

1. d4 d5 2. c4 e6 3. Nc3 c6 4. cxd5 exd5 5. Qc2 Nf6 6. Nf3 g6 7. Bf4 Bf5 8. Qc1 Nbd7 9. h3 Bg7 10. Bh6 0-0 11. Bxg7 Kxg7 12. g4 Be4 13. Bg2 Re8 14. e3 Bd3 15. Qd2 Ba6 16. 0-0-0 Qe7 17. Kb1 b5 18. g5 Ne4 19. Nxe4 dxe4 20. Ne1 Nb6 21. h4 b4 22. Rc1 Bc4 23. Bf1 Bd5 24. Ng2 Qe6 25. Qxb4 Bxa2+ 26. Ka1 Bd5 27. Nf4 Qe7 28. Qxe7 Rxe7 29. h5 Rf8 30. Be2 Rb8 31. h6+ Kf8 32. Nxd5 cxd5 33. Rc6 Na4 34. Rhc1 Reb7 35. Rc8+ Rxc8 36. Rxc8+ Ke7 37. Rc2 f6 38. f4 fxg5 39. fxg5 Kd6 40. Ka2 Nb6 41. Bb5 Nc4 42. Bxc4 dxc4 43. Rxc4 Rb5 44. Rc8 Rxg5 45. Rh8 Rg3 46. Rxh7 Rxe3 47. Rh8 Rh3 48. h7 1-0